000 00318nam a2200109Ia 4500
008 200302s9999 xx 000 0 und d
100 _aAshrae
245 _aEnergy cost Allocation for Multiple- Occupancy Residential Buildings
260 _bAmerican Society of Heating Engineers Inc.
260 _c1994
300 _a141 P.,
999 _c2044
_d2044